[Event "GER-ch U12"]
[Site "Willingen"]
[Date "2019.06.09"]
[Round "1"]
[White "Fuhrmann, Bahne"]
[Black "Langen, Sebastian"]
[Result "1-0"]
[WhiteElo "1659"]
[BlackElo "1167"]
[PlyCount "111"]
[EventDate "2019.06.08"]
[EventType "swiss"]
[EventRounds "9"]
[EventCountry "GER"]
[SourceTitle "CBM 191 Extra"]
[Source "ChessBase"]
[SourceDate "2019.09.30"]
[SourceVersion "1"]
[SourceVersionDate "2019.09.30"]
[SourceQuality "1"]

1. Nf3 d5 2. d4 Nc6 3. c4 e6 4. Nc3 Nf6 5. Bg5 Be7 6. e3 h6 7. Bh4 0-0 8. Bd3 b6 9. cxd5 exd5 10. 0-0 Be6 11. Bb5 Qe8 12. Ne5 Bd7 13. Bxf6 Bxf6 14. Nxd7 Qxd7 15. Qa4 Qd6 16. Bxc6 Rab8 17. Nxd5 b5 18. Nxf6+ Qxf6 19. Qc2 a6 20. Bf3 Qe7 21. Rac1 Qe6 22. Qb3 Qd6 23. Rc6 Qe7 24. Rfc1 Rb7 25. Re6 fxe6 26. Bxb7 Qd6 27. Rc6 Qd8 28. Rxe6 Kh8 29. Rxa6 Qd7 30. Qe6 Qxe6 31. Rxe6 Rb8 32. Bc6 Kh7 33. Be4+ Kg8 34. Bg6 Kf8 35. b3 Rd8 36. a4 c5 37. Re8+ Rxe8 38. Bxe8 Kxe8 39. dxc5 Kd7 40. axb5 Kc7 41. e4 Kd7 42. e5 Ke6 43. b6 Kxe5 44. b7 Kd5 45. b8Q Kxc5 46. b4+ Kc6 47. b5+ Kd7 48. b6 Ke6 49. b7 Kd5 50. Qd8+ Ke5 51. b8R Ke6 52. Rb6+ Ke5 53. Qd6+ Kf5 54. Rb5+ Ke4 55. Qd5+ Kf4 56. Rb4# 1-0